| 000 | 00550cam a22001337a 4500 | ||
|---|---|---|---|
| 008 | 180718b1966 xxu||||| |||| 00| 0 eng d | ||
| 082 | _aPx6 H894 | ||
| 245 |
_aDevelopment of education in Africa and its problems _cby Center for Afro-Asian Research, Hungarian Academy of Sciences |
||
| 260 |
_aBudapest _bCenter for Afro-Asian Research, Hungarian Academy of Sciences _c1966 |
||
| 300 | _a17p. | ||
| 500 | _aStudies on Developing Countries; No.3 | ||
| 650 | _aEducation - Africa | ||
| 700 | _aHungarian Academy of Sciences. Center for Afro-Asian Research | ||
| 999 |
_c479717 _d479717 |
||